| 000 | 00788nam a2200229Ia 4500 | ||
|---|---|---|---|
| 003 | IN-BaIIA | ||
| 008 | 211028s9999 xx 000 0 eng d | ||
| 020 | _a0-387-33543-9 | ||
| 040 | _cIIA Library | ||
| 080 |
_a52(082.1) _bASS-326 |
||
| 245 | 0 |
_aNeutron stars 1 _bequation of state and structure _cedited by P. Haensel, A.Y. Potekhin and D. G. Yakovlev |
|
| 260 |
_aNew York _bSpringer _c2007 |
||
| 300 | _axxiii, 619p. | ||
| 490 | _aAstrophysics and space science library; v. 326 | ||
| 650 |
_aNeutron stars _97729 |
||
| 650 |
_aStars and stellar systems _910861 |
||
| 650 | _aSupernovae | ||
| 700 |
_aHaensel, P., ed. _930321 |
||
| 700 |
_aPotekhin, A. Y., ed. _930322 |
||
| 700 |
_aYakovlev, D. G., ed. _930323 |
||
| 942 | _cBK | ||
| 999 |
_c16367 _d16367 |
||